Building code requirements for masonry structures (ACI 530-95/ASCE 5-95/TMS 402-95) ; (Record no. 550007)
[ view plain ]
| 000 -LEADER | |
|---|---|
| fixed length control field | 00893cam a2200157 a 4500 |
| 020 ## - INTERNATIONAL STANDARD BOOK NUMBER | |
| International Standard Book Number | 0784401152 |
| 082 00 - DEWEY DECIMAL CLASSIFICATION NUMBER | |
| Classification number | 693.1021873 |
| Author Mark | BUL |
| -- | L-39, P-192 |
| 245 00 - TITLE STATEMENT | |
| Title | Building code requirements for masonry structures (ACI 530-95/ASCE 5-95/TMS 402-95) ; |
| Remainder of title | Specification for masonry structures (ACI 530.1-95/ASCE 6-95/TMS 602-95) ; Commentary on Building code requirements for masonry structures (ACI 530-95/ASCE 5-95/TMS 402-95) ; Commentary on specification for masonry structures (ACI 530.1-95/ASCE 6-95/TMS 602-95) / |
| Statement of responsibility, etc. | [reported by the Masonry Standards Joint Committee]. |
| 260 ## - PUBLICATION, DISTRIBUTION, ETC. | |
| Place of publication, distribution, etc. | Detroit, Mich. : |
| Name of publisher, distributor, etc. | American Concrete Institute, |
| Date of publication, distribution, etc. | c1996. |
| 300 ## - PHYSICAL DESCRIPTION | |
| Extent | 1 v. (Various pagings) : |
| Other physical details | ill. ; |
| Dimensions | 28 cm. |
| 526 ## - STUDY PROGRAM INFORMATION NOTE | |
| Program name | 0 |
| Interest level | 0 |
| Reading level | 0 |
| Title point value | 693_102187300000000_BUL |
| 650 #0 - SUBJECT ADDED ENTRY--TOPICAL TERM | |
| Topical term or geographic name entry element | Masonry |
| General subdivision | Standards |
| Geographic subdivision | United States. |
| 9 (RLIN) | 45536 |
| 650 #0 - SUBJECT ADDED ENTRY--TOPICAL TERM | |
| Topical term or geographic name entry element | MCE |
| 9 (RLIN) | 379 |
| 710 2# - ADDED ENTRY--CORPORATE NAME | |
| Corporate name or jurisdiction name as entry element | Masonry Standards Joint Committee. |
| 9 (RLIN) | 46777 |
| 942 ## - ADDED ENTRY ELEMENTS (KOHA) | |
| Source of classification or shelving scheme | |
| Koha item type | Book |
| Withdrawn status | Lost status | Source of classification or shelving scheme | Damaged status | Not for loan | Permanent Location | Current Location | Date acquired | Total Checkouts | Full call number | Barcode | Date last seen | Price effective from | Koha item type |
|---|---|---|---|---|---|---|---|---|---|---|---|---|---|
| Military College of Engineering (MCE) | Military College of Engineering (MCE) | 10/20/2014 | 693.1021873 BUL | MCE-43544 | 10/20/2014 | 10/20/2014 | Book |
